[Event "GER-ch U12 Girls"]
[Site "Willingen"]
[Date "2020.10.30"]
[Round "5"]
[White "Proettel, Ela"]
[Black "Rodermel, Leonie"]
[Result "1/2-1/2"]
[WhiteElo "1229"]
[BlackElo "1370"]
[PlyCount "93"]
[EventDate "2020.10.26"]
[EventType "swiss"]
[EventRounds "7"]
[EventCountry "GER"]
[SourceTitle "CBM 199 Extra"]
[Source "ChessBase"]
[SourceDate "2021.01.31"]
[SourceVersion "1"]
[SourceVersionDate "2021.01.31"]
[SourceQuality "1"]

1. e4 e6 2. d4 d5 3. e5 c5 4. c3 Nc6 5. Nf3 Qb6 6. a3 c4 7. Nbd2 Na5 8. g3 Bd7 9. h4 h6 10. Bh3 Be7 11. h5 0-0-0 12. 0-0 Bg5 13. Nxg5 hxg5 14. Rb1 Kb8 15. b4 cxb3 16. Nxb3 Nxb3 17. Qxb3 Qxb3 18. Rxb3 Rxh5 19. Bg4 Rh7 20. Bxg5 f6 21. exf6 gxf6 22. Bf4+ Kc8 23. Rfb1 Ne7 24. Rxb7 e5 25. Rb8+ Kc7 26. R1b7+ Kc6 27. Rxd8 Bxg4 28. Rxe7 Rxe7 29. dxe5 fxe5 30. Rg8 Bf3 31. Bg5 Rb7 32. g4 Rh7 33. Rg6+ Kc5 34. Rh6 Rxh6 35. Bxh6 Bxg4 36. Kf1 Kc4 37. Bg7 d4 38. cxd4 exd4 39. Ke1 Kd3 40. a4 Kc4 41. a5 Kb5 42. Bxd4 Kxa5 43. Bxa7 Kb5 44. Kd2 Kc4 45. Ke3 Kd5 46. Kf4 Bh3 47. Kg5 1/2-1/2

[Event "GER-ch U12 Girls"]
[Site "Willingen"]
[Date "2020.10.29"]
[Round "4"]
[White "Rodermel, Leonie"]
[Black "Haug, Mara"]
[Result "0-1"]
[WhiteElo "1370"]
[BlackElo "1366"]
[PlyCount "100"]
[EventDate "2020.10.26"]
[EventType "swiss"]
[EventRounds "7"]
[EventCountry "GER"]
[SourceTitle "CBM 199 Extra"]
[Source "ChessBase"]
[SourceDate "2021.01.31"]
[SourceVersion "1"]
[SourceVersionDate "2021.01.31"]
[SourceQuality "1"]

1. e4 c5 2. Nf3 Nc6 3. d4 cxd4 4. Nxd4 g6 5. Nc3 Bg7 6. Be3 Nf6 7. Be2 d6 8. Nb3 Bd7 9. 0-0 0-0 10. Kh1 Ne5 11. f3 a6 12. a4 Rc8 13. Nd2 Be6 14. Ncb1 d5 15. exd5 Nxd5 16. Bf2 Qc7 17. Na3 Rfd8 18. c3 Nf4 19. Bd4 Bh6 20. a5 Qb8 21. g3 Nfd3 22. Bxe5 Qxe5 23. Bxd3 Rxd3 24. Rf2 Rcd8 25. f4 Qd5+ 26. Kg1 Rxd2 27. Rxd2 Qxd2 28. Qxd2 Rxd2 29. b4 Bg7 30. Rc1 Rd3 31. Nb1 Ba2 32. c4 Bd4+ 33. Kf1 Bb2 34. Re1 Bxc4 35. Kg2 Kf8 36. Rf1 Rb3 37. Nd2 Bxf1+ 38. Kxf1 Rxb4 39. Ke2 Ra4 40. Kd3 Rxa5 41. Nc4 Rd5+ 42. Kc2 Rc5 43. Kb3 Bd4 44. Kb4 Rb5+ 45. Ka3 Ke8 46. h3 Kd7 47. g4 Kc6 48. Ka4 Kc5 49. Na3 Rb2 50. f5 b6 0-1

[Event "DSOL 07 Liga Gr-C 1st"]
[Site "Playchess.com INT"]
[Date "2020.07.08"]
[Round "3.3"]
[White "Schwan, Aaron"]
[Black "Rodermel, Leonie"]
[Result "1-0"]
[WhiteElo "1480"]
[BlackElo "1322"]
[PlyCount "139"]
[EventDate "2020.06.22"]
[EventType "team-tourn (rapid)"]
[EventCountry "GER"]
[SourceTitle "EXT 2021"]
[Source "ChessBase"]
[SourceDate "2020.10.23"]
[SourceVersion "1"]
[SourceVersionDate "2020.10.23"]
[SourceQuality "1"]
[WhiteTeam "Kelheim II"]
[BlackTeam "Oberursel III"]
[WhiteTeamCountry "GER"]
[BlackTeamCountry "GER"]

1. e4 e5 2. Nf3 Nc6 3. Bc4 Bc5 4. c3 Nf6 5. d3 h6 6. Bb3 d6 7. h3 0-0 8. 0-0 Qe7 9. Nbd2 a6 10. Re1 Be6 11. Nf1 Rad8 12. g4 Nh7 13. Ng3 Qd7 14. Nf5 Ne7 15. N3h4 g5 16. Nxh6+ Kg7 17. N4f5+ Nxf5 18. Nxf5+ Bxf5 19. gxf5 Qc6 20. Qh5 Qb6 21. Be3 Bxe3 22. Rxe3 Rd7 23. f6+ Kh8 24. Rg3 d5 25. Rf3 Rd6 26. Kf1 dxe4 27. dxe4 Rxf6 28. Rxf6 Qxf6 29. Ke2 Kg7 30. Rg1 Qg6 31. Qg4 Rd8 32. f3 Qd6 33. Rd1 Qf6 34. Rxd8 Qxd8 35. Qf5 f6 36. Qe6 Qf8 37. Qd7+ Kg6 38. Qxc7 Qg7 39. Qc8 Qe7 40. Qg8+ Qg7 41. Kd3 Qxg8 42. Bxg8 Kh6 43. Kc4 Kg7 44. Bxh7 Kxh7 45. Kc5 Kh6 46. Kb6 Kh5 47. Kxb7 Kh4 48. c4 Kxh3 49. c5 Kg3 50. c6 Kxf3 51. c7 g4 52. c8Q g3 53. Qc3+ Kf4 54. Qe1 Kg4 55. Qg1 Kh3 56. Kxa6 Kg4 57. b4 Kf4 58. Qg2 Kg4 59. b5 f5 60. exf5 Kxf5 61. Qxg3 e4 62. Qe3 Ke5 63. b6 Kd5 64. b7 Ke5 65. b8Q+ Kf5 66. Qb5+ Kg4 67. Qxe4+ Kg3 68. Qb3+ Kf2 69. Qec2+ Ke1 70. Qbb1# 1-0

[Event "GER-chT School WK 4"]
[Site "Playchess.com INT"]
[Date "2020.06.16"]
[Round "4.4"]
[White "Rodermel, Leonie"]
[Black "Kalis, Vitus"]
[Result "1/2-1/2"]
[WhiteElo "1585"]
[BlackElo "1620"]
[PlyCount "88"]
[EventDate "2020.06.16"]
[EventType "team-swiss (blitz)"]
[EventRounds "5"]
[EventCountry "GER"]
[SourceTitle "EXT 2021"]
[Source "ChessBase"]
[SourceDate "2020.10.23"]
[SourceVersion "1"]
[SourceVersionDate "2020.10.23"]
[SourceQuality "1"]
[WhiteTeam "Oberursel Gymn"]
[BlackTeam "Berlin Kollwith Gymn"]
[WhiteTeamCountry "GER"]
[BlackTeamCountry "GER"]

1. e4 e5 2. Nf3 d6 3. d4 exd4 4. Nxd4 c5 5. Nf3 Nc6 6. Nc3 Nf6 7. Bg5 h6 8. Bh4 Be7 9. Bg3 Be6 10. Bd3 d5 11. exd5 Nxd5 12. Nxd5 Bxd5 13. 0-0 Bxf3 14. Qxf3 0-0 15. c3 Bf6 16. Rad1 Kh8 17. Be4 Qb6 18. Rd2 Ne5 19. Bxe5 Bxe5 20. Bxb7 Rab8 21. Bd5 Qf6 22. Qxf6 Bxf6 23. Re1 Kg8 24. h3 Rfe8 25. Rde2 Rxe2 26. Rxe2 Kf8 27. g3 Re8 28. Rxe8+ Kxe8 29. Kf1 Ke7 30. h4 Be5 31. Ke2 f5 32. Ke3 g5 33. hxg5 hxg5 34. f4 gxf4+ 35. gxf4 Bd6 36. Bg8 a5 37. Bh7 Kf6 38. b3 Bc7 39. c4 Bb8 40. Bg8 Bc7 41. Bd5 Bd6 42. Bg8 Bc7 43. Bh7 Bd6 44. Bg8 Bc7 1/2-1/2

[Event "Heusenstamm Sparkassen op U14 6th"]
[Site "Heusenstamm"]
[Date "2019.11.24"]
[Round "7"]
[White "Rodermel, Leonie"]
[Black "Strauss, Florian"]
[Result "0-1"]
[WhiteElo "1097"]
[BlackElo "1231"]
[PlyCount "162"]
[EventDate "2019.11.21"]
[EventType "swiss"]
[EventRounds "7"]
[EventCountry "GER"]
[SourceTitle "CBM 194 Extra"]
[Source "ChessBase"]
[SourceDate "2020.03.31"]
[SourceVersion "1"]
[SourceVersionDate "2020.03.31"]
[SourceQuality "1"]

1. e4 d5 2. exd5 Nf6 3. c4 e6 4. dxe6 Bxe6 5. Nf3 Bc5 6. d4 Bb6 7. d5 Bg4 8. Qe2+ Qe7 9. Qxe7+ Kxe7 10. Be2 Ne4 11. 0-0 Nd6 12. b3 Bxf3 13. Bxf3 Bd4 14. Nc3 Bxc3 15. Rb1 Bb4 16. a3 Bc3 17. Bb2 Bxb2 18. Rfe1+ Kd7 19. Rxb2 Re8 20. Rxe8 Kxe8 21. Re2+ Kf8 22. c5 Nb5 23. a4 Nd4 24. Re3 Nxf3+ 25. Rxf3 Nd7 26. c6 bxc6 27. dxc6 Nf6 28. Rc3 Rd8 29. Kf1 Nd5 30. Rf3 Nb4 31. Ke2 Nxc6 32. Rc3 Nd4+ 33. Ke3 Ne6 34. Rc6 Ke7 35. Ra6 Ra8 36. b4 g6 37. g3 Kf8 38. f4 Kg7 39. Ke4 Rb8 40. Rxa7 Rxb4+ 41. Kd3 c5 42. Kc3 Kh6 43. Rxf7 Rxa4 44. Re7 Nd4 45. Re5 Ra5 46. Kc4 Nf3 47. Rxc5 Rxc5+ 48. Kxc5 Nxh2 49. Kd4 Kh5 50. Ke5 Nf1 51. f5 Nxg3 52. f6 Kh6 53. Ke6 Nf5 54. Kf7 g5 55. Ke6 Nd4+ 56. Ke5 Kg6 57. f7 Kxf7 58. Kxd4 Kf6 59. Ke3 Kf5 60. Kf3 h5 61. Kg3 Ke4 62. Kh3 Kf4 63. Kg2 Kg4 64. Kh2 h4 65. Kg2 Kh5 66. Kh3 g4+ 67. Kg2 Kg5 68. Kh2 Kf4 69. Kg2 g3 70. Kh3 Kf3 71. Kxh4 g2 72. Kg5 g1Q+ 73. Kf5 Qd4 74. Ke6 Qc5 75. Kf6 Kf4 76. Ke6 Qe5+ 77. Kd7 Qf6 78. Kc7 Ke5 79. Kd7 Qd6+ 80. Ke8 Qc7 81. Kf8 Kf6 0-1

[Event "Bad Soden U14 op"]
[Site "Bad Soden"]
[Date "2019.10.04"]
[Round "3"]
[White "Rodermel, Leonie"]
[Black "Oezyar, Arin"]
[Result "1/2-1/2"]
[WhiteElo "1066"]
[BlackElo "1345"]
[PlyCount "35"]
[EventDate "2019.10.03"]
[EventType "swiss"]
[EventRounds "9"]
[EventCountry "GER"]
[SourceTitle "CBM 192 Extra"]
[Source "Chessbase"]
[SourceDate "2019.11.06"]
[SourceVersion "1"]
[SourceVersionDate "2019.11.06"]
[SourceQuality "1"]

1. e4 c5 2. Nf3 d6 3. d4 cxd4 4. Nxd4 Nf6 5. Nc3 a6 6. Be3 Ng4 7. Qd2 Nxe3 8. Qxe3 e5 9. Nf3 Nc6 10. Bc4 Qf6 11. Nd5 Qd8 12. a3 Be6 13. Ng5 Nd4 14. 0-0-0 Rc8 15. Bd3 Bxd5 16. exd5 Qc7 17. c3 Qb6 18. Kb1 1/2-1/2